Statistics for Ultimate Spelling Test

Click here to take the quiz!

General Stats

  • This quiz has been taken 65 times
    (47 since last reset)
  • The average score is 13 of 20

Answer Stats

QuestionAnswer% Correct
Which is correct?Bachelor
88%
Which is correct?Cemetery
88%
Which is correct?Entrepreneur
86%
Which is correct?Quarantine
86%
Which is correct?Definitely
84%
Which is correct?Vinegar
84%
Which is correct?Maintenance
74%
Which is correct?Connoisseur
72%
Which is correct?Marijuana
67%
Which is correct?Surveillance
67%
Which is correct?Pharaoh
65%
Which is correct?Publicly
65%
Which is correct?Bureaucracy
63%
Which is correct?Haemorrhage
53%
Which is correct?Embarrass
49%
Which is correct?Harass
47%
Which is correct?Pronunciation
47%
Which is correct?Semaphore
37%
Which is correct?Sacrilegious
33%
Which is correct?Manoeuvre
23%

Score Distribution

Percentile by Number Answered

Percent of People with Each Score

Your Score History

You have not taken this quiz since the last reset